000 00709nam a2200253Ia 4500
003 OSt
005 20220918164326.0
006 a|||||r|||| 00| 0
007 ta
008 220917b |||||||| |||| 00| 0 eng d
020 _a0521496136
024 _a34,662
037 _cTextual
040 _aARTS
_cARTS
_beng
041 _2eng
_aeng
082 _aO111973,1:g, N6
100 _aKern Robert
_918328
245 0 _aOrientalism modernism and the American poem
260 _aCambridge
_bCUP
_c1996
490 _aCambridge studies in American lierature and culture
650 _aENGLISH LITERATURE
942 _hO111973,1:g, N6
_cTEXL
_2CC
999 _c124262
_d124262